000 00533nam a22001577a 4500
003 NUST
038 _aNusrat Nadeem
082 _a200
100 _aMunir, Muhammad Rehan
_9130581
245 _aMelanoma Detection using Deep Learning with Explainability and Confidence Calibration/
_cMuhammad Rehan Munir,
264 _aIslamabad:
_bSEECS NUST.
_c2025.
650 _aMS-Computer Science
_926780
700 _aSupervisor: Dr. Arbab Latif
_9123054
856 _uhttp://10.250.8.41:8080/xmlui/handle/123456789/54756
942 _2ddc
_cSC
999 _c614773
_d614773